000 nam a22 7a 4500
999 _c8487
_d8487
008 180117b ||||| |||| 00| 0 eng d
100 _aSinha.S.
_94881
245 _aLearning English
260 _aNew Delhi
_bNCERT
_c2008